000 00318 a2200157 4500
001 179199
020 _a
040 _cMagnum
100 _aGóes, Lúcia Pimentel
240 1 0 _aMacaco queco
_lpor
245 1 0 _aMacaco queco
362 0 _a1899
440 1 _aModerna
697 _aMAGNITO: I/ANIMAIS
942 _cBK
999 _c179199
_d179199